00610cam a22002291 4500001001300000003000400013005001700017008004100034010001700075035002000092040001900112042001200131050002000143060002300163100002800186245007100214250001200285260001900297300001100316700003600327999001700363med48001162 DLC20260227111611.0810815s1947 xx 000 0 eng  amed48001162  a(OCoLC)14741285 aDLCcDNLMdDLC apremarc00aRX606b.P8 19470 aWB 930bP981k 19471 aPulford, Alfred,d1863-10aKey to the homoeopathic materia medicac[by A. and D. T.] Pulford. a[2d ed. aToledo,c1947] a277 p.1 aPulford, D. T.q(Dayton Turner) c38993d38993